00782pam a2200205 a 4500001000800000005001700008008004100025010001700066020001500083040001800098050002400116082001600140100002800156245013500184260005300319300003400372440008900406504005100495650003000546329593820170105102350.0830525s1984 njua b 001 0 eng  a 83011206  a0131286293 aDLCcDLCdDLC00aTP155.75b.S73 198400a660.2812191 aStephanopoulos, George.10aChemical process control : an introduction to theory and practiceban introduction to theory and practice cGeorge Stephanopoulos. aEnglewood Cliffs, N.J. :bPrentice-Hall,cc1984. axxi, 696 p. :bill. ;c24 cm. 0aPrentice-Hall international series in the physical and chemical engineering sciences aIncludes bibliographical references and index. 0aChemical process control.